00394nam a2200145Ia 4500008004100000020001800041041000800059082001300067100002500080245002900105250000600134260006100140300001400201650003300215210716s2008 xx 000 0 und d a9780070263642 aeng a337 CHEF aCherunilam, Francis. aInternational economics. a5 aNew DelhibTata McGraw Hill Publishing Company Ltdc2008 axxxii,733 aInternational economics(337)